Assessing regional integration in Africa II (Record no. 691887)

MARC details
000 -LEADER
fixed length control field 00782nam a2200253Ia 4500
003 - CONTROL NUMBER IDENTIFIER
control field OSt
005 - DATE AND TIME OF LATEST TRANSACTION
control field 20220927105329.0
008 - FIXED-LENGTH DATA ELEMENTS--GENERAL INFORMATION
fixed length control field 220926b |||||||| |||| 00| 0 eng d
020 ## - INTERNATIONAL STANDARD BOOK NUMBER
International Standard Book Number 9211251028
037 ## - SOURCE OF ACQUISITION
Terms of availability Reference Collections
040 ## - CATALOGING SOURCE
Original cataloging agency RTL
Transcribing agency RTL
Language of cataloging eng
041 ## - LANGUAGE CODE
Source of code eng
Language code of text/sound track or separate title eng
110 ## - MAIN ENTRY--CORPORATE NAME
Corporate name or jurisdiction name as entry element UNITED NATIONS ECONOMIC COMMISSION FOR AFRICA.
245 #0 - TITLE STATEMENT
Title Assessing regional integration in Africa II
Remainder of title Rationalizing regional economic communities.
260 ## - PUBLICATION, DISTRIBUTION, ETC.
Place of publication, distribution, etc. Addis
Name of publisher, distributor, etc. Ababa ECA
Date of publication, distribution, etc. 2006
300 ## - PHYSICAL DESCRIPTION
Extent "xxiv, 150p"
Dimensions cm.
700 ## - ADDED ENTRY--PERSONAL NAME
Personal name UNITED NATIONS ECONOMIC COMMISSION FOR AFRICA.
942 ## - ADDED ENTRY ELEMENTS (KOHA)
Classification part "X:533, P6/UN"
Koha item type
Holdings
Withdrawn status Lost status Damaged status Not for loan Home library Current library Date acquired Total Checkouts Full call number Barcode Date last seen Price effective from Koha item type
        Ratan Tata Library Ratan Tata Library 2022-09-27   "X:533 P6/UN" RT1330307 2022-09-27 2022-09-27  
Copyright @ Delhi University Library System